000 00268nam a2200121Ia 4500
008 190216s9999||||xx |||||||||||||| ||und||
100 _aKhaleelurahman
245 0 _aHindi-Navaye-Jamfar
260 _bShilpadan
_c2009
300 _a208
650 _aHindi
942 _cBK
999 _c16646
_d16646